| 000 | 00774nam a2200217 i 4500 | ||
|---|---|---|---|
| 001 | 120935 | ||
| 003 | ES-MaACL | ||
| 005 | 20250820152143.0 | ||
| 007 | t| | ||
| 008 | 070214s1932 sp r ||||1| spa d | ||
| 100 | 1 |
_aPraviel, Armand, _d1875-1944 _993722 |
|
| 245 | 1 | 3 |
_aLa vida trágica de la Emperatriz Carlota / _cArmand Praviel ; versión española de J. García Mercadal. |
| 260 |
_aMadrid [etc.] : _bEspasa-Calpe, _c1932. |
||
| 300 |
_a215 p. ; _c22 cm. |
||
| 490 | 1 |
_aVidas extraordinarias ; _v2 |
|
| 600 | 0 | 4 |
_aCarlota _cEmperatriz consorte de Maximiliano, Emperador de México. _9145388 |
| 700 | 1 |
_aGarcía Mercadal, J., _d1883-1975 _9164264 |
|
| 830 | 0 | 0 |
_aVidas extraordinarias _v2 _9181377 |
| 852 |
_aES-MaACL _jC-5504 |
||
| 999 |
_c120935 _d120935 |
||